[Event "HCL-C4056"]
[Site "www.playchess.de"]
[Date "2006.01.30"]
[Round "9"]
[White "RUDI"]
[Black "atomino"]
[WhiteElo "1254"]
[BlackElo "1064"]
[PlyCount "29"]
[Result "1-0"]

1.e4 {hi!}  Nc6 {na guten morgen... ;-)}  2.d4 e5 
3.d5 Nd4 4.c3 Qh4 {so ein anfängerfehler...  :-(  
nimms mir nicht übel,ich spiel erst seit ca 1 
jahr}  5.Bd3 {is ja noch nix verloren, wird 
sicherlich interessant}  Nf6 {opa würd sich im 
grab rumdrehen :) du spielst schon ne ganze 
weile?}  6.g3 {Neuanfang kürzlich}  Qg4 
{neuanfang???du hast doch schon über 100 spiele 
hier...}  7.Qxg4 {ja, aber seit wann? und mit 
welchem Erfolg?!!!...}  Nxg4 {na nu aber.....deine 
bewertung ist doch nich schlecht..ich kann leider 
nicht jedentag hier spielen,da mein rechner 
i.a.ist....deswegen internetkaffee...}  8.cxd4 
exd4 9.Nf3 Be7 10.O-O d6 11.Nxd4 O-O 12.Nc3 Ne5 
13.Bc2 c5 14.Nb3 Bh3 15.Rd1 1-0

[Event "HCL-A2527"]
[Site "www.playchess.de"]
[Date "2006.01.30"]
[Round "7"]
[White "taroak"]
[Black "HOTSUN"]
[WhiteElo "1458"]
[BlackElo "1622"]
[PlyCount "58"]
[Result "0-1"]

1.c4 c5 2.g3 Nc6 3.Bg2 b6 4.b3 Bb7 5.Bb2 Nf6 6.Nc3 
g6 7.e3 Bg7 8.Nge2 O-O 9.O-O Na5 10.e4 Nxe4 11.d4 
Nxc3 12.Bxc3 Bxg2 13.Kxg2 Nc6 14.d5 Bxc3 15.Nxc3 
Nd4 16.Qd3 e6 17.Rae1 Re8 18.Re4 a6 19.f4 f5 
20.Re3 Rb8 21.Ne2 Nxe2 22.Qxe2 exd5 23.cxd5 Rxe3 
24.Qxe3 Qe8 25.Qxe8+ Rxe8 26.Kf3 Kf7 27.Rf2 Re4 
28.Rd2 Ke7 29.g4 Rd4 0-1

[Event "HCL-C4066"]
[Site "www.playchess.de"]
[Date "2006.01.30"]
[Round "6"]
[White "Idris"]
[Black "IRONMAIDEN"]
[WhiteElo "880"]
[BlackElo "1397"]
[PlyCount "67"]
[Result "1-0"]

1.e4 e5 2.Nf3 Nc6 3.d3 Bc5 4.Qe2 d6 5.g3 Nf6 6.Be3 
O-O 7.Bg2 Bg4 8.O-O Qd7 9.Nc3 Bxe3 10.Qxe3 Bxf3 
11.Bxf3 Nd4 12.Bd1 g6 13.Qg5 Kg7 14.Nd5 Nxd5 15.f4 
exf4 16.exd5 fxg3 17.Bg4 gxh2+ 18.Kxh2 Qd8 19.Qxd8 
Raxd8 20.Rf4 Nf5 21.Bxf5 gxf5 22.Rxf5 Kh8 23.Rh5 
Rfg8 24.a4 Rde8 25.Rf1 Re2+ 26.Kh3 Rg7 27.Rhf5 
Rxc2 28.b4 Rd2 29.R5xf7 Rxf7 30.Rxf7 Rxd3+ 31.Kh4 
Rc3 32.Kh5 Rc4 33.Kh6 Rxb4 34.Rf8+ 1-0

[Event "HCL-E1539"]
[Site "www.playchess.de"]
[Date "2006.01.30"]
[Round "32"]
[White "BohdanL"]
[Black "HOTSUN"]
[WhiteElo "1486"]
[BlackElo "1626"]
[PlyCount "98"]
[Result "0-1"]

1.e4 {hi again, would you like your favorite?}  e5 
{yes please}  2.Nf3 {:-)}  Nc6 3.Bb5 a6 4.Ba4 d6 
5.O-O b5 6.Bb3 Bg4 7.c3 Nf6 8.Re1 Be7 9.h3 Bh5 
10.d4 Bxf3 11.Qxf3 exd4 12.Qg3 g6 13.Bd5 {can not 
find your last move in database}  Nxd5 14.exd5 Na7 
15.Bh6 Kd7 16.Qg4+ f5 17.Qxd4 Bf6 18.Qd3 Re8 
19.Nd2 Nc8 20.Rab1 Nb6 21.Be3 Re5 22.Bxb6 cxb6 
23.Rxe5 dxe5 24.f3 Qc7 25.Nb3 Qc4 26.Rd1 a5 
27.Qxc4 bxc4 28.Nd2 b5 29.a4 Rc8 30.axb5 Kd6 31.b3 
cxb3 32.Nxb3 a4 33.Na5 Rxc3 34.b6 Bg5 35.b7 Kc7 
36.d6+ Kb8 37.Rd5 Rc5 38.Rxc5 Be3+ 39.Kf1 Bxc5 
40.d7 Bb6 41.Nc4 Bd8 42.Ke2 Kxb7 43.Kd2 Kc7 44.Kc2 
Bf6 45.Kd3 Be7 46.Kc2 a3 47.Kb3 e4 48.fxe4 fxe4 
49.Ne3 {Paul, before i will resign (i think i can 
not stop your pawn) what do you think when was my 
mistake}  Kxd7 {it's strange you should ask 
because i was thinking how well you have played 
and i cant think of a single mistake,almost every 
move you made the move i was hoping you would'nt. 
so i dont think it was a mistake that beat you but 
the postion has just worked}  0-1

[Event "HCL-B3835"]
[Site "www.playchess.de"]
[Date "2006.01.30"]
[Round "9"]
[White "RUDI"]
[Black "slavi"]
[WhiteElo "1259"]
[BlackElo "1538"]
[PlyCount "26"]
[Result "0-1"]

1.e4 e6 2.d4 d5 3.exd5 exd5 4.Bd3 Nf6 5.Ne2 Bd6 
6.O-O O-O 7.Nbc3 c6 8.Ng3 Re8 9.Re1 Bd7 10.Nh5 
Nxh5 11.Qxh5 Rxe1+ 12.Bf1 Qc8 13.Ne2 
Bg4 0-1

[Event "HCL-A2538"]
[Site "www.playchess.de"]
[Date "2006.01.30"]
[Round "10"]
[White "alvimrf"]
[Black "scaper"]
[WhiteElo "1784"]
[BlackElo "1330"]
[PlyCount "75"]
[Result "1-0"]

1.c4 c5 2.Nf3 Nf6 3.e3 g6 4.b3 Bg7 5.Bb2 d6 6.d4 
cxd4 7.exd4 Bg4 8.h3 Bxf3 9.Qxf3 Nc6 10.Bd3 Nb4 
11.d5 Qa5 12.O-O O-O 13.Bc3 Qc7 14.Bxb4 Nxd5 
15.Qxd5 Bxa1 16.Nc3 Bxc3 17.Bxc3 e6 18.Qe4 Rae8 
19.Bf6 e5 20.Qh4 Re6 21.g4 e4 22.Bxe4 b5 23.Bd5 
bxc4 24.bxc4 Rb8 25.g5 Qc8 26.Qh6 Qf8 27.Qxf8+ 
Kxf8 28.Bxe6 fxe6 29.Rd1 Rb6 30.c5 dxc5 31.Rd8+ 
Kf7 32.Rd7+ Kg8 33.Rxa7 Rb1+ 34.Kg2 c4 35.a4 Rb3 
36.a5 Ra3 37.Rg7+ Kh8 38.Rxg6+ 1-0

[Event "HCL-C4072"]
[Site "www.playchess.de"]
[Date "2006.01.30"]
[Round "6"]
[White "HoshiX"]
[Black "cla114"]
[WhiteElo "361"]
[BlackElo "835"]
[PlyCount "24"]
[Result "0-1"]

1.e4 e5 2.d3 Nc6 3.Nf3 Nd4 4.Nxe5 d6 5.Ng4 Nf6 
6.f3 d5 7.Nc3 dxe4 8.h3 Bc5 9.Na4 Bb4+ 10.c3 b5 
11.cxb4 bxa4 12.Qxa4+ c6 0-1

[Event "HCL-C4001"]
[Site "www.playchess.de"]
[Date "2006.01.30"]
[Round "5"]
[White "Kannsnich"]
[Black "pauerchess"]
[WhiteElo "1144"]
[BlackElo "1401"]
[PlyCount "105"]
[Result "1-0"]

1.c4 c5 2.Nc3 g6 3.Nf3 Bg7 4.g3 Nc6 5.Bg2 Nf6 {du 
kans doch.-)}  6.O-O {nö find ich nicht}  d5 {ist 
aber logish.-))}  7.cxd5 {was ist logish ? meine 
zugfolge oder was meinst du}  Nxd5 {yes your moves 
are you play well.}  8.Nxd5 Qxd5 9.d3 O-O 10.Be3 
{ehrlich gesagt bin ich schon etwas ratlos eine 
andere möglichkeit ist möglicherweise a3 aber 
schwierig schwierig}  Bxb2 {na ja, is ist swer, 
schach zuer spillen.}  11.Rb1 Bf6 12.Nd4 Qd7 
13.Nxc6 {hab eigentlich Dame schlägt a2 
erwartet.so dürfte ich leicht in vorteil kommen}  
bxc6 {ja du has recth, aber dise schach seit is 
fur mich nuer all ubung ,dar ich spille auf file 
andre seits schach, wo ich das mer ernst neme, das 
wagen mache ich leichter feler, aber ich neme das 
nicht so ernst, ich sehe das as einen 
herausforderung.}  14.Bxc5 {ja ich sehe das 
eigentlich auch nur als übung an}  Bb7 {ich spille 
auf chesshere das ist einen guten adresse.}  
15.Qc2 Rfe8 16.Rb3 Reb8 {frohes fest. und alles 
gute mit deinen schach.}  17.Rfb1 {thanks für dich 
auch}  Be5 18.Ba3 Qc7 19.Qc1 a5 20.Bxc6 Qxc6 
21.Qxc6 Bxc6 22.R3xb8+ Rxb8 23.Rxb8+ Bxb8 24.Bxe7 
f5 25.e3 Kf7 26.Bc5 Bc7 27.Kf1 {(offering draw)}  
Ke6 28.Ke2 Kd5 29.Bd4 Bb5 30.Kd2 Bd6 31.Bb2 a4 
32.f3 a3 33.Bc3 Bc6 34.e4+ fxe4 35.dxe4+ Kc4 36.e5 
Bb4 37.Bxb4 Kxb4 38.e6 Kc4 39.f4 Kd4 40.e7 Kc4 
41.g4 Be8 42.f5 gxf5 43.gxf5 Bf7 44.f6 Bg6 45.Ke3 
Kc3 46.Kf4 Kb2 47.Ke5 Kxa2 48.Ke6 Kb2 49.f7 a2 
50.e8Q Bxf7+ 51.Kxf7 a1Q {danke fur das spiel ich 
habe slect gespilt in den end spiel, aber das sole 
deinen spiel nicht smelern, gut gespielt.}  
52.Qe5+ {ja dein endspiel war nicht gut nachdem 
ich zwischendrin gepatzt hab beim 
gerneralabtausch}  Kb1 {ich wunche dich alles gute 
mi deinen schach, probir mall chesshere.com ich 
bin dort als fantom den kunte wir uns dort 
unterhalten, das ist einen guten adresse.-))-gg 
chys.}  53.Qxa1+ 1-0

[Event "HCL-B3804"]
[Site "www.playchess.de"]
[Date "2006.01.30"]
[Round "14"]
[White "ulibear"]
[Black "Phileas"]
[WhiteElo "1264"]
[BlackElo "1402"]
[PlyCount "65"]
[Result "1/2-1/2"]

1.d4 {good luck}  d5 {and happy new year!! Good 
luck to you!}  2.c4 {thxs}  c5 3.dxc5 Qa5+ 4.Qd2 
Qxd2+ 5.Nxd2 d4 6.Nb3 e5 7.e3 Nd7 8.exd4 exd4 
9.Nxd4 Nxc5 10.b4 Ne4 11.a3 Ngf6 12.Bb2 Bd6 
13.Ngf3 O-O 14.Bd3 Re8 15.O-O Bg4 16.c5 Be5 
17.Nxe5 Rxe5 18.f3 Bxf3 19.Nxf3 Rd5 20.Bc4 Rd7 
21.Ne5 Rd2 22.Nxf7 Kf8 23.Rab1 Re8 24.Bxf6 Nxf6 
25.Nd6 Re3 26.g4 h6 27.Nf5 Re4 28.Nxh6 Rxc4 29.g5 
Rh4 30.gxf6 gxh6 31.Rf2 Rxf2 {you could have 
won... bad luck}  32.Kxf2 {did I miss the deadly 
move? I was just happy to be ahead, but didn't 
sense any outright victory at my hands :-)}  Rxh2+ 
{no, I am sure you did not miss the deadly move. 
You were indeed ahead. You would have won for sure 
with the bishop, but now, it's a bit tougher. It 
was a nice game! :)}  33.Kg3 {(offering draw) it 
was definitely a fine game! sure I was ahead and 
lost the advantage which is just only fair :-)} 
 1/2-1/2

[Event "HCL-C3990"]
[Site "www.playchess.de"]
[Date "2006.01.30"]
[Round "1"]
[White "adtt"]
[Black "surak"]
[WhiteElo "800"]
[BlackElo "1115"]
[PlyCount "89"]
[Result "1-0"]

1.d4 e6 2.Nf3 d5 3.Nc3 c5 4.e3 Nc6 5.dxc5 Bxc5 
6.g3 Nf6 7.Bg2 O-O 8.O-O Bd7 9.Bd2 Re8 10.Qe2 Nb4 
11.Rac1 a6 12.a3 Nc6 13.b4 Ba7 14.Qd3 Bb8 15.e4 
dxe4 16.Nxe4 Nxe4 17.Qxe4 Qc7 18.Ng5 f5 19.Qh4 h6 
20.Nf3 Ne7 21.Rfe1 Ng6 22.Qd4 Ba7 23.Qc3 Qd8 
24.Nd4 Qf6 25.Bxb7 Rab8 26.Nc6 Rxb7 27.Qxf6 gxf6 
28.Nxa7 Rxa7 29.Bxh6 Kh7 30.Be3 Bb5 31.Bxa7 Ne5 
32.Kg2 Rg8 33.f4 Bc6+ 34.Kf1 Ng4 35.Rxe6 Nxh2+ 
36.Kg1 Nf3+ 37.Kf2 Be4 38.Rxa6 Kg7 39.Rd6 Ra8 
40.Rd7+ Kg6 41.b5 Rh8 42.c4 Rh2+ 43.Ke3 Ra2 44.Bc5 
Nd2 45.Rxd2 1-0

[Event "ACL-A650"]
[Site "www.playchess.de"]
[Date "2006.01.30"]
[Round "3"]
[White "stepas"]
[Black "the_infinate"]
[WhiteElo "1500"]
[BlackElo "1500"]
[PlyCount "59"]
[Result "1-0"]

1.e4 d6 2.h3 e5 3.Nf3 Nc6 4.a3 Nf6 5.Nc3 Be6 6.d3 
Nh5 7.Ng5 Qf6 8.Qxh5 g6 9.Qf3 Qe7 10.Nxe6 fxe6 
11.Be3 O-O-O 12.Nb5 Nd4 13.Bxd4 exd4 14.Nxd4 c5 
15.Nb5 Kb8 16.Be2 a6 17.Nc3 Bh6 18.O-O Rdf8 19.Qg4 
Bd2 20.Nb1 Rf4 21.Qg3 Qh4 22.Qxh4 Rxh4 23.Nxd2 e5 
24.Nf3 Rf4 25.c3 b5 26.a4 Rhf8 27.axb5 g5 28.Nxg5 
R4f6 29.bxa6 h6 30.Nh7 1-0

[Event "ACL-A650"]
[Site "www.playchess.de"]
[Date "2006.01.30"]
[Round "5"]
[White "timewizard6969"]
[Black "stepas"]
[WhiteElo "1500"]
[BlackElo "1500"]
[PlyCount "52"]
[Result "0-1"]

1.Nf3 e6 2.b3 Qf6 3.c3 b6 4.e4 Bd6 5.g4 Qf4 6.d3 
Qxg4 7.Rg1 Qh5 8.Rg5 Qh6 9.Ba3 Bxa3 10.Nxa3 Qf6 
11.Rg3 Qxc3+ 12.Ke2 Nc6 13.Rc1 Qb2+ 14.Nd2 g6 
15.Rb1 Qxa3 16.Qc1 Qxc1 17.Rxc1 Nge7 18.Kd1 Ba6 
19.Nf3 Rc8 20.a4 Nb4 21.Ne1 Nec6 22.Nf3 Bxd3 
23.Kd2 Bxe4 24.Rc4 Bxf3 25.Rh4 Bd5 26.Bc4 
Bxc4 0-1

[Event "HCL-B3714"]
[Site "www.playchess.de"]
[Date "2006.01.30"]
[Round "21"]
[White "German04"]
[Black "handrej68"]
[WhiteElo "1179"]
[BlackElo "1446"]
[PlyCount "76"]
[Result "0-1"]

1.e4 e6 2.Nf3 d5 3.e5 c5 4.Bb5+ Bd7 5.Be2 f6 
6.exf6 Qxf6 7.O-O Bd6 8.d3 Bf4 9.Bxf4 Qxf4 10.Nbd2 
Nf6 11.Nb3 b6 12.d4 c4 13.Nbd2 Nc6 14.c3 O-O 15.a3 
Ne4 16.Nxe4 dxe4 17.Nd2 e3 18.fxe3 Qxe3+ 19.Kh1 b5 
20.Re1 Qg5 21.Nf3 Qd8 22.b3 Na5 23.b4 Nb7 24.Nd2 
Nd6 25.Bf3 Rb8 26.h3 Nf5 27.Ne4 Qh4 28.Nc5 Bc8 
29.Nxe6 Bxe6 30.Rxe6 Rbe8 31.Ra6 Ne3 32.Qd2 Rxf3 
33.gxf3 Qxh3+ 34.Qh2 Qxf3+ 35.Kg1 Qg4+ 36.Kf2 Nc2 
37.Qh1 Re2+ 38.Kf1 Ne3+ 0-1

[Event "HCL-B3824"]
[Site "www.playchess.de"]
[Date "2006.01.30"]
[Round "7"]
[White "Bense"]
[Black "fire-serpent"]
[WhiteElo "1068"]
[BlackElo "1078"]
[PlyCount "47"]
[Result "1-0"]

1.e4 e6 2.Nc3 d5 3.Qf3 dxe4 4.Nxe4 Be7 5.d4 Nf6 
6.c3 Nbd7 7.Bc4 Nb6 8.b3 Nxc4 9.bxc4 Nxe4 10.Qxe4 
O-O 11.Qg4 Bf6 12.Nf3 e5 13.Qe4 exd4 14.cxd4 Re8 
15.Ne5 Bxe5 16.dxe5 f6 17.Bb2 c5 18.O-O fxe5 
19.Rfe1 Bd7 20.Red1 Qc7 21.Rd5 Bc6 22.Bxe5 Bxd5 
23.Qxd5+ Kh8 24.Bxc7 1-0

[Event "HCL-A2540"]
[Site "www.playchess.de"]
[Date "2006.01.30"]
[Round "28"]
[White "jjn2"]
[Black "MimiSiku"]
[WhiteElo "1772"]
[BlackElo "1479"]
[PlyCount "113"]
[Result "1-0"]

1.d4 e6 2.c4 b6 3.e4 c5 4.d5 exd5 5.cxd5 d6 6.Nc3 
g6 7.Bb5+ Bd7 8.Bf4 a6 9.Bd3 b5 10.Bg3 Be7 11.h3 
Nf6 12.Nf3 b4 13.Ne2 Qa5 14.O-O O-O 15.a3 c4 
16.Bb1 Bb5 17.Nfd4 Nbd7 18.Qe1 Ne5 19.Qxb4 Qxb4 
20.axb4 Rfb8 21.f3 Nh5 22.Be1 Nd3 23.Nxb5 axb5 
24.Rxa8 Rxa8 25.Bxd3 cxd3 26.Nc1 f5 27.Nxd3 Rc8 
28.exf5 gxf5 29.g4 Nf6 30.Nf4 Rc4 31.Bd2 Rd4 
{Which engine do you use?}  32.Be3 {What ????}  
Rxb4 {Well, I think, you are using an engine: 41 
games and all won???}  33.Rb1 {Won 41! class C=9, 
class B=20, class A = 11, you thinks it´s too 
much? I had been aktiv player in  53. years}  Nd7 
{It sounds unbelievable! If you're right, I must 
apologize! What is/was your ELO?}  34.Ne6 {My 
rating was 1892 in 1995}  Rb3 {And then you're 
retired?}  35.Kf2 {Yes, at that level}  Bf6 {I 
saw, you have beaten some 1800ers. My best win was 
not so high...}  36.Ke2 Kf7 37.g5 Rxb2+ 38.Rxb2 
Bxb2 39.f4 h6 40.h4 b4 41.Nd8+ Kg6 42.Nb7 Bc3 
43.Nxd6 b3 44.Nb5 Ba5 45.Kd1 Bb4 46.Kc1 Be1 47.Kb2 
Bxh4 48.gxh6 Kxh6 49.d6 Kh5 50.Kxb3 Kg4 51.Nd4 Bg3 
52.Ne6 Kf3 53.Bc1 Ke4 54.Kc4 Bh4 55.Nc5+ Nxc5 
56.Kxc5 Bd8 {Hmm - seems I'm loosing this 
match...}  57.d7 1-0

[Event "HCL-B3822"]
[Site "www.playchess.de"]
[Date "2006.01.30"]
[Round "8"]
[White "quant"]
[Black "Saladin"]
[WhiteElo "1503"]
[BlackElo "1379"]
[PlyCount "49"]
[Result "1-0"]

1.e4 {hi gl}  e6 {Merhaba, good luck}  2.d4 
{merhaba,bol &#351;anslar:)}  d5 3.e5 b6 4.f4 f5 
5.Nf3 a6 6.Be3 g6 7.Be2 Nd7 8.h4 Nh6 9.Ng5 Nb8 
10.h5 Qd7 11.Nd2 Nc6 12.a3 Be7 13.Ndf3 Nf7 14.Nxf7 
Kxf7 15.hxg6+ Kxg6 16.Ng5 Bxg5 17.fxg5 Bb7 18.Bh5+ 
Kg7 19.Qf3 Ne7 20.g4 c5 21.O-O-O cxd4 22.Bxd4 b5 
23.gxf5 Raf8 24.f6+ Kg8 25.f7+ 1-0

[Event "HCL-B3852"]
[Site "www.playchess.de"]
[Date "2006.01.30"]
[Round "6"]
[White "nico21"]
[Black "Saladin"]
[WhiteElo "1512"]
[BlackElo "1316"]
[PlyCount "77"]
[Result "1/2-1/2"]

1.e4 d5 2.exd5 Qxd5 3.Nc3 Qd8 4.Nf3 Bg4 5.h3 Bh5 
6.d4 e6 7.Be2 Bxf3 8.Bxf3 c6 9.O-O Nf6 10.Bg5 Be7 
11.Re1 h6 12.Bh4 Nd5 13.Bxe7 Kxe7 14.Nxd5+ cxd5 
15.c4 Kf8 16.cxd5 exd5 17.Qb3 Qb6 18.Bxd5 Qxb3 
19.Bxb3 Na6 20.Rad1 Re8 21.Rxe8+ Kxe8 22.Re1+ Kd7 
23.Bxf7 Nb4 24.Bb3 Nd3 25.Ba4+ Kd6 26.Re3 Nxb2 
27.Bb3 a5 28.Re6+ Kd7 29.d5 Re8 30.Rg6 a4 31.Bxa4+ 
Nxa4 32.Rxg7+ Re7 33.Rg6 Re1+ 34.Kh2 Rd1 35.Rg7+ 
Kc8 36.Rg8+ Kd7 37.Rg7+ Kc8 38.Rg8+ Kc7 39.Rg7+ 
{(offering draw)}  1/2-1/2

[Event "HCL-C3862"]
[Site "www.playchess.de"]
[Date "2006.01.30"]
[Round "14"]
[White "dc"]
[Black "daveboy6968"]
[WhiteElo "965"]
[BlackElo "1011"]
[PlyCount "135"]
[Result "1-0"]

1.d4 {:-)}  d5 {good luck :-)}  2.e4 e6 3.e5 c5 
4.Be3 c4 5.Nc3 Bb4 6.Qd2 Nc6 7.a3 Bxc3 8.Qxc3 Nge7 
9.Nf3 Nf5 10.Bg5 Qd7 11.b3 O-O 12.bxc4 dxc4 
13.Bxc4 Ncxd4 14.Rd1 Nxf3+ 15.Qxf3 Nd4 16.Qe4 
Nxc2+ 17.Qxc2 Qc6 18.O-O b5 19.Be7 Re8 20.Rd8 Rxd8 
21.Bxd8 Bb7 22.f3 Rxd8 23.h4 h5 24.Kh2 Qxc4 25.Qf2 
Qf4+ 26.Qg3 Qc4 27.Qg5 Bxf3 28.Qxd8+ Kh7 29.Rxf3 
Kg6 30.Qg5+ Kh7 31.Qxh5+ Kg8 32.Qxf7+ Kh8 33.Qf8+ 
Kh7 34.Qe7 a5 35.Rf7 Qg4 36.h5 Qxh5+ 37.Kg1 Qd1+ 
38.Kh2 Qh5+ 39.Kg1 Qd1+ {(offering draw)}  40.Rf1 
{Not quite yet, I really need the win in this 
tournement.  It is very close to a draw game 
though...}  Qd4+ {:-)}  41.Kh1 Qxe5 42.Qa7 a4 
43.Rf7 Qh5+ 44.Kg1 Qd1+ 45.Kf2 Qd2+ 46.Kg3 Qg5+ 
47.Kh2 Qh5+ 48.Kg1 Qd1+ 49.Kf2 Qd2+ 50.Kg3 Qg5+ 
51.Kh2 Qh4+ 52.Kg1 Qe1+ 53.Rf1 Qc3 54.Rf3 Qe1+ 
55.Kh2 Qh4+ 56.Rh3 Kg6 {i missed that :-(}  
57.Rxh4 e5 58.Rg4+ Kf5 59.Qd7+ Kf6 60.Qxb5 Kf5 
61.Qd7+ Kf6 62.Rxg7 e4 63.Qe7+ Kf5 64.Rf7+ Kg6 
65.Qf6+ Kh5 66.Qg7 e3 67.Rf5+ Kh4 68.Qg3+ {~Nice 
game.}  1-0

[Event "HCL-B3734"]
[Site "www.playchess.de"]
[Date "2006.01.30"]
[Round "6"]
[White "GMO"]
[Black "dc"]
[WhiteElo "1341"]
[BlackElo "919"]
[PlyCount "55"]
[Result "1-0"]

1.e4 e5 {:-)}  2.Bc4 {///???}  Nf6 3.d3 c6 4.Nf3 
d6 5.O-O b5 6.Bb3 Bg4 7.h3 Bxf3 8.Qxf3 Nbd7 9.a4 
b4 10.Bd2 a5 11.Bg5 h6 12.Bxf6 Nxf6 13.Nd2 Be7 
14.Nc4 O-O 15.Ne3 d5 16.exd5 e4 17.dxe4 Nd7 
18.dxc6 Ne5 19.Qe2 Nxc6 20.Rad1 Nd4 21.Qc4 Rc8 
22.Qxd4 Kh7 23.Qxd8 Bxd8 24.Nc4 Re8 25.Nd6 Bc7 
26.Nxe8 Rxe8 27.Bc4 Rxe4 28.Bd3 1-0

[Event "HCL-M869"]
[Site "www.playchess.de"]
[Date "2006.01.30"]
[Round "36"]
[White "DANTONIFAYARD"]
[Black "Goofy"]
[WhiteElo "1693"]
[BlackElo "2005"]
[PlyCount "64"]
[Result "0-1"]

1.d4 d5 2.c4 e6 3.Nc3 Nf6 4.Nf3 c6 5.e3 Nbd7 6.a3 
Bd6 7.c5 Bc7 8.b4 a6 9.Bd3 O-O 10.Qc2 Re8 11.O-O 
e5 12.e4 exd4 13.Nxd4 Ne5 14.Bg5 h6 15.Bxf6 Qxf6 
16.exd5 Qh4 17.g3 Qxd4 18.Bh7+ Kh8 19.d6 Nf3+ 
20.Kg2 Ng5 21.Rfd1 Bh3+ 22.Kh1 Qg4 23.f4 Qf3+ 
24.Kg1 Qe3+ 25.Kh1 Nxh7 26.dxc7 Rac8 27.Rd8 Rcxd8 
28.cxd8Q {QUEEN
}  Rxd8 29.Rd1 Rxd1+ 30.Qxd1 Qxc3 31.Qd8+ Nf8 
32.Qxf8+ Kh7 0-1

[Event "HCL-B3819"]
[Site "www.playchess.de"]
[Date "2006.01.30"]
[Round "11"]
[White "schnitzly"]
[Black "Alex77"]
[WhiteElo "1301"]
[BlackElo "1396"]
[PlyCount "60"]
[Result "1/2-1/2"]

1.d4 {hi and much fun!}  Nf6 2.c4 g6 3.Nc3 d5 
4.cxd5 Nxd5 5.e4 Nxc3 6.bxc3 Bg7 7.Be2 c5 8.Nf3 
O-O 9.O-O Nc6 10.Bb2 Qc7 11.Qc2 Rd8 12.d5 Ne5 
13.Nxe5 Bxe5 14.h3 e6 15.c4 Bxb2 16.Qxb2 b6 
17.Rad1 exd5 18.Rxd5 Bb7 19.Rxd8+ Rxd8 20.f3 Qf4 
21.Rd1 Rxd1+ 22.Bxd1 Qe3+ 23.Qf2 {(offering draw)} 
 Qxf2+ {I would like to play again}  24.Kxf2 {OK!} 
 Ba6 25.Bb3 f6 26.Ke3 Kf7 27.g4 Ke6 28.h4 h6 29.f4 
Kd6 30.Kd3 Bb7 {(offering draw)} 
 1/2-1/2

[Event "HCL-E1549"]
[Site "www.playchess.de"]
[Date "2006.01.30"]
[Round "4"]
[White "tuGGy"]
[Black "DreamGamer"]
[WhiteElo "1521"]
[BlackElo "1622"]
[PlyCount "72"]
[Result "0-1"]

1.g4 d5 2.Bg2 Bxg4 3.c4 Nf6 4.Qb3 b6 5.cxd5 Qd6 
6.Nc3 c6 7.d4 cxd5 8.Nxd5 Nh5 9.Nxb6 axb6 10.Bxa8 
Nf6 11.Nf3 e6 12.Be3 Be7 13.Ne5 Qb4+ 14.Qxb4 Bxb4+ 
15.Bd2 Bxd2+ 16.Kxd2 O-O 17.Nxg4 Nxg4 18.f3 Nf6 
19.Rhc1 Rd8 20.Rc4 b5 21.Rb4 Na6 22.Rxb5 Nc7 
23.Rb7 Nxa8 24.e4 Rxd4+ 25.Ke3 Rd8 26.Rc1 Re8 
27.a4 Rd8 28.a5 Kf8 29.b4 h5 30.b5 Ne8 31.e5 Nac7 
32.b6 Nd5+ 33.Ke4 f5+ 34.exf6 Nd6+ 35.Ke5 gxf6+ 
36.Kxe6 Nxb7 0-1

[Event "HCL-B3840"]
[Site "www.playchess.de"]
[Date "2006.01.30"]
[Round "2"]
[White "BLUEFLASH"]
[Black "sonnyspock"]
[WhiteElo "1200"]
[BlackElo "1158"]
[PlyCount "23"]
[Result "1-0"]

1.e3 e6 2.Qg4 Nf6 3.Qg3 d5 4.Nh3 Be7 5.Qxg7 Rg8 
6.Qh6 c5 7.Bb5+ Bd7 8.a4 a6 9.Bd3 Rxg2 10.Ng5 Ng4 
11.Qg7 Nxf2 12.Qxf7+ 1-0

[Event "HCL-C4112"]
[Site "www.playchess.de"]
[Date "2006.01.30"]
[Round "3"]
[White "Henri"]
[Black "Ulpe"]
[WhiteElo "797"]
[BlackElo "1571"]
[PlyCount "48"]
[Result "0-1"]

1.e4 {Bonjour et Bonne Partie}  c5 2.Bc4 e6 3.d3 
d5 4.Bb5+ Nd7 5.exd5 exd5 6.Qe2+ Be7 7.Nf3 Ngf6 
8.d4 O-O 9.O-O a6 10.Ba4 b5 11.Bb3 c4 12.Bxc4 
{bêtise de ma part :-(((}  dxc4 13.Nc3 Bb7 14.Be3 
Bd6 15.b3 Rc8 16.bxc4 Rxc4 17.Nd1 Qc7 18.g3 Qc6 
19.c3 Qxf3 20.Qxf3 Bxf3 21.Nb2 Rxc3 22.Nd1 Rc2 
23.a4 b4 24.a5 b3 0-1

[Event "HCL-B3849"]
[Site "www.playchess.de"]
[Date "2006.01.30"]
[Round "4"]
[White "Varaboca"]
[Black "evets"]
[WhiteElo "1006"]
[BlackElo "1367"]
[PlyCount "78"]
[Result "0-1"]

1.e4 e5 2.Nf3 Nf6 3.Nc3 {Sorry, salud and good 
luck.}  Nc6 {Hi and Good luck to you as well!}  
4.d4 exd4 5.Nd5 Nxe4 6.Bd3 Nf6 7.Nxf6+ Qxf6 8.O-O 
Bc5 9.Re1+ Ne7 10.a3 O-O 11.b4 Bd6 12.Bb2 Nc6 
13.g3 Ne5 14.Nxe5 Bxe5 15.Re4 d5 16.Re1 Bh3 17.Bf1 
Bxf1 18.Kxf1 Rfe8 19.Kg2 d3 20.c3 Qc6 21.f4 Bxc3 
22.Bxc3 Qxc3 23.Rf1 d4 24.Kh3 Re2 25.Qa4 Qc4 
26.Qd7 Qe6+ 27.Qxe6 fxe6 28.Kg4 Re8 29.Rad1 d2 
30.Kf3 Rxh2 31.Rf2 Rxf2+ 32.Kxf2 e5 33.f5 e4 
34.Ke2 e3 35.g4 Kf7 36.Kd3 e2 37.Rxd2 e1Q 38.Kc2 
Re2 39.Rxe2 Qxe2+ 0-1

[Event "HCL-C4090"]
[Site "www.playchess.de"]
[Date "2006.01.30"]
[Round "9"]
[White "nichju"]
[Black "tbouma"]
[WhiteElo "1003"]
[BlackElo "1141"]
[PlyCount "65"]
[Result "1-0"]

1.e4 {Hello from Germany and good luck}  d5 {hi 
from cold Canada! - thanks! let's have a good 
game!}  2.exd5 Qxd5 3.Nc3 Qe5+ 4.Be2 c6 5.Nf3 Qc7 
6.d4 Nf6 7.Bg5 Nbd7 8.O-O e6 9.Bc4 Be7 10.Qe2 O-O 
11.Rae1 Bd6 12.Ne4 Nxe4 13.Qxe4 Nb6 14.Bd3 f5 
15.Qe2 h6 16.Bh4 g5 17.Bg3 Bxg3 18.fxg3 c5 19.Ne5 
Nd7 20.Ng6 Rf6 21.Ne7+ Kf7 22.Nxc8 Qxc8 23.Qh5+ 
Ke7 24.d5 Qe8 25.Qf3 e5 26.Bxf5 Kd6 27.Qc3 Qf8 
28.Bxd7 Kxd7 29.Qxe5 Rxf1+ 30.Rxf1 Qe7 31.Qf5+ Ke8 
32.Qg6+ Kd7 33.Rf7 1-0

[Event "HCL-B3842"]
[Site "www.playchess.de"]
[Date "2006.01.30"]
[Round "6"]
[White "nichju"]
[Black "Menace"]
[WhiteElo "1004"]
[BlackElo "1200"]
[PlyCount "43"]
[Result "1-0"]

1.e4 {Hallo und viel Glück}  d5 2.exd5 Qxd5 3.Nc3 
Qe5+ 4.Be2 Nc6 5.Nf3 Qe6 6.d4 Qf6 7.Bg5 Qf5 8.d5 
Ne5 9.Bd3 Qg4 10.O-O f6 11.Be3 Bf5 12.Nb5 Be4 
13.Nxc7+ Kd8 14.Nxa8 Nxf3+ 15.Kh1 g6 16.Bxe4 Qxe4 
17.gxf3 Qh4 18.d6 exd6 19.Bxa7 d5 20.Qxd5+ Ke8 
21.Rae1+ Ne7 22.Nc7+ 1-0

[Event "HCL-C4112"]
[Site "www.playchess.de"]
[Date "2006.01.30"]
[Round "9"]
[White "donsimon"]
[Black "Ulpe"]
[WhiteElo "1030"]
[BlackElo "1571"]
[PlyCount "32"]
[Result "0-1"]

1.e4 {moin}  c5 2.Nf3 d6 3.Bc4 Nf6 4.Ng5 e6 5.f4 
h6 6.Nf3 Nxe4 7.d3 Nf6 8.Nc3 Be7 9.g3 O-O 10.b3 d5 
11.Bb5 a6 12.Ba4 d4 13.Ne4 b5 14.Nxf6+ Bxf6 
15.Bxb5 axb5 16.Ba3 Rxa3 0-1